|
|
|
|
| LEADER |
01071nam a2200265 a 4500 |
| 001 |
GR-MES10017 |
| 008 |
060406s gr 000 0 gre d |
| 020 |
|
|
|a 0471342343
|
| 040 |
|
|
|a GrPaTEI
|b gre
|c GR-PaULI
|
| 040 |
|
|
|a GrPaTEI
|b gre
|c GR-PaULI
|
| 082 |
|
0 |
|a 331.133
|
| 245 |
0 |
0 |
|a Managing diversity :
|b An Asian and pacific focus ; Margaret Patrickson ; Peter OBrien.
|
| 260 |
|
|
|a Milton :
|b Wiley,
|c 2001
|
| 300 |
|
|
|a x
|a 286σ. :
|b εικ. ;
|c 25εκ.
|
| 500 |
|
|
|a Περιλαμβάνει ευρετήριο.
|
| 650 |
|
0 |
|a Affirmative action programs
|z Asia
|
| 650 |
|
0 |
|a Diversity in the work place
|z Asia
|z Australasia
|
| 650 |
|
0 |
|a Labour laws and legislation
|z Asia
|
| 650 |
|
0 |
|a Minorities
|x Legal status,laws etc.
|z Asia
|
| 700 |
1 |
|
|a OBrien, Peter
|
| 700 |
1 |
|
|a Patrickson, Margaret
|
| 942 |
|
|
|2 ddc
|
| 952 |
|
|
|0 0
|1 0
|2 ddc
|4 0
|6 331_133000000000000_MAN
|7 0
|9 269655
|a MSLG
|b MSLG
|c BSC
|d 2021-01-17
|e 24
|f 0
|g 0.00
|l 0
|o 331.133 MAN
|p 2420000019714
|r 2021-01-17 00:00:00
|t 1
|w 2021-01-17
|y BK15
|x 20060406 0 1
|x GrPaTEI
|
| 971 |
|
|
|a .b25760646
|b 01-10-20
|c 13-09-16
|
| 999 |
|
|
|c 155616
|d 155616
|